| 000 | 00707nam a2200205Ia 4500 | ||
|---|---|---|---|
| 008 | 191130s1987##################000#0#eng## | ||
| 020 | _a9780198255734 | ||
| 040 |
_aACL _cACL |
||
| 082 | _a346.41022 SIM | ||
| 100 | _aSimpson, A. W. B | ||
| 245 |
_aA history of the common law of contract : the rise of the action of assumpsit _cby A.W.B. Simpson |
||
| 260 |
_aOxford _bClarendon Press _c1987 |
||
| 300 | _axlvii, 646 p. ; 22 cm | ||
| 500 | _aIncludes indexes. Bibliography: p. [xiv]-xlvii | ||
| 650 | _aActions and defenses - Great Britain - History | ||
| 650 | _aBreach of contract - Great Britain - History | ||
| 990 | _aa7865799ac10000c1cb314096dc91e8a | ||
| 991 | _a418126 | ||
| 999 |
_c342027 _d342027 |
||